LEADER 01655cam2-2200481---450- 001 990003305730203316 005 20120418101154.0 010 $a978-88-06-19536-6 035 $a000330573 035 $aUSA01000330573 035 $a(ALEPH)000330573USA01 035 $a000330573 100 $a20090903d2009----km-y0itay50------ba 101 1 $aita$cfre 102 $aIT 105 $ay|||z|||001yy 200 1 $a<> morte$fVladimir Jankélévitch$ga cura di Enrica Lisciani Petrini$gtraduzione di Valeria Zini 210 $aTorino$cEinaudi$d2009 215 $aXXXVI, 474 p.$d22 cm 225 2 $aPiccola biblioteca Einaudi$hNuova serie$v450 410 0$1001000274448$12001$aPiccola biblioteca Einaudi$hNuova serie$v, 450 454 0$12001$a<> mort$940339 606 0 $aMorte$xFilosofia$2BNCF 676 $a128.5 700 1$aJANKÉLÉVITCH,$bVladimir$0384963 702 1$aLISCIANI PETRINI,$bEnrica 702 1$aZINI,$bValeria 801 0$aIT$bsalbc$gISBD 912 $a990003305730203316 951 $aII.1 Coll. 96/ 56$b217197 L.M.$cII.1. Coll.$d00228182 951 $aII.1. Coll. 96/ 56a$b220716 L.M.$cII.1. Coll.$d00262936 959 $aBK 969 $aUMA 979 $aALESSANDRA$b90$c20090903$lUSA01$h1147 979 $aALESSANDRA$b90$c20090903$lUSA01$h1149 979 $aALESSANDRA$b90$c20090903$lUSA01$h1151 979 $aALESSANDRA$b90$c20090903$lUSA01$h1152 979 $aANNAMARIA$b90$c20100105$lUSA01$h1430 979 $aANNAMARIA$b90$c20101129$lUSA01$h1649 979 $aANNAMARIA$b90$c20120418$lUSA01$h1005 979 $aANNAMARIA$b90$c20120418$lUSA01$h1011 996 $aMort$940339 997 $aUNISA LEADER 01156nam a2200289 i 4500 001 991004116589707536 005 20020509154238.0 008 000220s1984 it ||| | ita 020 $a8815004807 035 $ab11266922-39ule_inst 035 $aPARLA195618$9ExL 040 $aDip.to Filosofia$bita 082 0 $a320.1 100 1 $aBordogna, Lorenzo$0437882 245 10$aPolitica, economia e rappresentanza degli interessi :$buno studio sulle recenti difficoltà delle democrazie occidentali /$cLorenzo Bordogna, Giancarlo Provasi 260 $aBologna :$bIl mulino,$c[1984] 300 $a274 p. ;$c22 cm 490 0 $aStudi e ricerche ;$v176 650 4$aConsenso sociale 650 4$aPolitica e economia 700 1 $aProvasi, Giancarlo$eauthor$4http://id.loc.gov/vocabulary/relators/aut$0126296 907 $a.b11266922$b23-02-17$c01-07-02 912 $a991004116589707536 945 $aLE005IF XLIV C 36$g1$i2005000232428$lle005$o-$pE0.00$q-$rl$s- $t0$u0$v0$w0$x0$y.i11429641$z01-07-02 996 $aPolitica, economia e rappresentanza degli interessi$9932783 997 $aUNISALENTO 998 $ale005$b01-01-00$cm$da $e-$fita$git $h0$i1